000
00253nam a2200109Ia 4500
008
190216s9999||||xx |||||||||||||| ||und||
100
_a
Kesavan Nair
245
0
_a
Malayalam-Panchayathukal
260
_b
Current Books
650
_a
Malayalam
942
_c
BK
999
_c
23974
_d
23974